000 00840nmm a2200241 a 4500
001 ocm000700844
003 TR-IsHL
005 20201028133436.0
008 131121s1993 tu tur
007 cr cn
035 _a700844
_b(N$T)
050 0 4 _aKKX3648
_b.Y65 1993
090 0 4 _aKKX3648
_b.Y65 1993
245 1 0 _aYolcular için gümrük rehberi
_h[electronic resource]
260 _aİstanbul :
_bİstanbul Ticaret Odası,
_c1993
300 _a64 p.
650 4 _aEkonomi ve Finans
650 4 _aEconomics and Finance
650 0 _aGümrük yönetimi ve turizm
_x Türkiye
650 0 _aCustoms administration and tourism
_x Turkey
650 7 _aPOLITICAL SCIENCE / International Relations / Trade & Tariffs
_2bisacsh
856 4 0 _uhttp://search.ebscohost.com/login.aspx?direct=true&scope=site&db=e011xww&AN=700844
999 _c5644
_d5644